<?xml version="1.0" encoding="UTF-8"?>
<record
    xmlns:xsi="http://www.w3.org/2001/XMLSchema-instance"
    xsi:schemaLocation="http://www.loc.gov/MARC21/slim http://www.loc.gov/standards/marcxml/schema/MARC21slim.xsd"
    xmlns="http://www.loc.gov/MARC21/slim">

  <leader>03372nam a2200373 a 4500</leader>
  <controlfield tag="003">CHAP</controlfield>
  <controlfield tag="005">20250123125107.0</controlfield>
  <controlfield tag="007">ca aa aaaaaaaa</controlfield>
  <controlfield tag="008">240821s2024    mx bdeofom||| 001 0 spa d</controlfield>
  <datafield tag="040" ind1=" " ind2=" ">
    <subfield code="e">rda</subfield>
  </datafield>
  <datafield tag="041" ind1=" " ind2=" ">
    <subfield code="a">spa</subfield>
    <subfield code="b">eng</subfield>
  </datafield>
  <datafield tag="100" ind1="1" ind2=" ">
    <subfield code="a">Hern&#xE1;ndez Melchor, Felipe</subfield>
    <subfield code="9">189461</subfield>
  </datafield>
  <datafield tag="240" ind1="1" ind2="0">
    <subfield code="a">Thecnical-economic feasibility study of a craft beer production plant in municipality of texcoco de mora, state of mexico.</subfield>
    <subfield code="l">Espa&#xF1;ol</subfield>
  </datafield>
  <datafield tag="245" ind1="1" ind2="0">
    <subfield code="a">Estudio de factibilidad t&#xE9;cnico econ&#xF3;mico de una planta de producci&#xF3;n de cerveza artesanal en el Municipio de texcoco de Mora, Estado de M&#xE9;xico /</subfield>
    <subfield code="c">por Felipe Hern&#xE1;ndez Melchor y Cristian Ariel Olvera Dom&#xED;nguez; director de tesis Anastacio Espejel Garc&#xED;a; secretario Jos&#xE9; Alfredo Espejel Garc&#xED;a; vocal Mario Favio Ram&#xED;rez Sep&#xFA;lveda; suplente Oscar Esquivel Arriaga; suplente Ariadna Isabel Barrera Rodr&#xED;guez.</subfield>
  </datafield>
  <datafield tag="264" ind1=" " ind2="1">
    <subfield code="a">Chapingo, M&#xE9;xico :</subfield>
    <subfield code="b">El autor,</subfield>
    <subfield code="c">2024.</subfield>
  </datafield>
  <datafield tag="300" ind1=" " ind2=" ">
    <subfield code="a">1 recurso en l&#xED;nea (131 p&#xE1;ginas):</subfield>
    <subfield code="b">cuadros,figuras.</subfield>
  </datafield>
  <datafield tag="336" ind1=" " ind2=" ">
    <subfield code="2">rdacontent</subfield>
    <subfield code="a">texto</subfield>
    <subfield code="b">txt</subfield>
  </datafield>
  <datafield tag="337" ind1=" " ind2=" ">
    <subfield code="2">rdamedia</subfield>
    <subfield code="a">computadora</subfield>
    <subfield code="b">c</subfield>
  </datafield>
  <datafield tag="338" ind1=" " ind2=" ">
    <subfield code="2">rdacarrier</subfield>
    <subfield code="a">recurso en l&#xED;nea</subfield>
    <subfield code="b">cr</subfield>
  </datafield>
  <datafield tag="502" ind1=" " ind2=" ">
    <subfield code="b">IA</subfield>
    <subfield code="c">Agroindustrias</subfield>
    <subfield code="d">2024.</subfield>
    <subfield code="g">LIC</subfield>
  </datafield>
  <datafield tag="504" ind1=" " ind2=" ">
    <subfield code="a">Incluye referencias bibliogr&#xE1;ficas: p&#xE1;ginas 100-107.</subfield>
  </datafield>
  <datafield tag="520" ind1=" " ind2=" ">
    <subfield code="a">El presente trabajo se realiz&#xF3; con la b&#xFA;squeda de proveedores de materia prima e insumos, encuesta a consumidores e identificaci&#xF3;n de la competencia actual para un estudio de factibilidad t&#xE9;cnico y econ&#xF3;mico de una planta de producci&#xF3;n de cerveza artesanal en el Municipio de Texcoco. En los resultados, se defini&#xF3; una producci&#xF3;n de 24,000 litros anuales de cerveza con un precio de venta de $55.00 la cerveza. Se requiere una inversi&#xF3;n inicial de $1,089,386.00, donde un 34% ser&#xE1; aportaci&#xF3;n de los socios y el 66% de financiamiento externo. El an&#xE1;lisis econ&#xF3;mico se realiz&#xF3; a 10 a&#xF1;os, los indicadores econ&#xF3;micos obtenidos fueron un Valor Presente Neto de $2,075,014.00, una Tasa Interna de Rentabilidad del 61% y una Relaci&#xF3;n Beneficio-Costo de 1.65. Estos datos se realizaron considerando una Tasa M&#xED;nima Aceptable de Rendimiento de 20%. Adicional se realiz&#xF3; un an&#xE1;lisis de sensibilidad para determinar la capacidad de reducir los ingresos y aumentar los costos de producci&#xF3;n, suponiendo que uno de los factores varia mientras en otro se mantiene, podemos aumentar hasta un 50% los costos de producci&#xF3;n y los ingresos se pueden reducir hasta un 25% antes de tener p&#xE9;rdidas. Considerando la informaci&#xF3;n recabada y con los indicadores econ&#xF3;micos se define que el proyecto cuenta con viabilidad t&#xE9;cnica y econom&#xED;a.</subfield>
  </datafield>
  <datafield tag="650" ind1=" " ind2="4">
    <subfield code="a">Cerveza artesanal</subfield>
    <subfield code="x">Estudios de factibilidad</subfield>
    <subfield code="9">130880</subfield>
  </datafield>
  <datafield tag="650" ind1=" " ind2="4">
    <subfield code="a">Industria cervecera</subfield>
    <subfield code="x">Aspectos econ&#xF3;micos</subfield>
    <subfield code="9">135322</subfield>
  </datafield>
  <datafield tag="650" ind1=" " ind2="4">
    <subfield code="a">Proyectos </subfield>
    <subfield code="x"> Evaluaci&#xF3;n </subfield>
    <subfield code="9">142644</subfield>
  </datafield>
  <datafield tag="700" ind1="1" ind2=" ">
    <subfield code="a">Olvera Dom&#xED;nguez, Cristian Ariel</subfield>
    <subfield code="9">189462</subfield>
  </datafield>
  <datafield tag="700" ind1="1" ind2=" ">
    <subfield code="a">Espejel Garc&#xED;a, Anastacio</subfield>
    <subfield code="9">37809</subfield>
    <subfield code="e">Director de tesis.</subfield>
  </datafield>
  <datafield tag="700" ind1="1" ind2=" ">
    <subfield code="a">Espejel Zaragoza, Jos&#xE9; Afredo</subfield>
    <subfield code="9">159604</subfield>
    <subfield code="e">Secretario.</subfield>
  </datafield>
  <datafield tag="700" ind1="1" ind2=" ">
    <subfield code="a">Ram&#xED;rez Sep&#xFA;lveda, Marco Favio</subfield>
    <subfield code="9">94272</subfield>
    <subfield code="e">Vocal.</subfield>
  </datafield>
  <datafield tag="700" ind1="1" ind2=" ">
    <subfield code="a">Esquivel Arriaga, Oscar</subfield>
    <subfield code="9">38149</subfield>
    <subfield code="e">Suplente.</subfield>
  </datafield>
  <datafield tag="700" ind1="1" ind2=" ">
    <subfield code="a">Barrera Rodr&#xED;guez, Ariadna Isabel</subfield>
    <subfield code="9">163078</subfield>
    <subfield code="e">Suplente.</subfield>
  </datafield>
  <datafield tag="856" ind1=" " ind2=" ">
    <subfield code="u">http://10.13.5.2/tesis/tl/1411110-9_Y_1411813-2_HERNANDEZ_MELCHOR_FELIPE_Y_OLVERA_DOMINGUEZ_CRISTIANARIEL.pdf</subfield>
    <subfield code="z">DESCARGAR PDF</subfield>
  </datafield>
  <datafield tag="942" ind1=" " ind2=" ">
    <subfield code="2">Clasificaci&#xF3;n Universidad Aut&#xF3;noma Chapingo</subfield>
    <subfield code="c">TD</subfield>
  </datafield>
  <datafield tag="999" ind1=" " ind2=" ">
    <subfield code="c">220097</subfield>
    <subfield code="d">220097</subfield>
  </datafield>
  <datafield tag="952" ind1=" " ind2=" ">
    <subfield code="0">0</subfield>
    <subfield code="1">0</subfield>
    <subfield code="2">local</subfield>
    <subfield code="4">0</subfield>
    <subfield code="5">1</subfield>
    <subfield code="7">0</subfield>
    <subfield code="8">TesDigL</subfield>
    <subfield code="a">BD</subfield>
    <subfield code="b">BD</subfield>
    <subfield code="c">E_L</subfield>
    <subfield code="d">2024-08-21</subfield>
    <subfield code="l">0</subfield>
    <subfield code="o">Tesis digital</subfield>
    <subfield code="r">2024-08-21 12:14:22</subfield>
    <subfield code="w">2024-08-21</subfield>
    <subfield code="y">TD</subfield>
  </datafield>
</record>
